Responses for show #5130 - Friday, December 22, 2006

Steve Unite game 5.

Contestants

Jeannette Harrison, a retired administrator and consultant from Columbus, Ohio

Sarah Callanan, a teacher from St. Johnsbury, Vermont

Steve Unite, a writer from Studio City, California (whose 4-day cash winnings total $86,804)

Jeopardy! Round responses

THE LARGEST IN AREA
AT THE MOVIES
YOU GOT STYLE, HOMES
SANTA CLAUS
CLICHES
POTENT POTABLES
    $200 16
India

Jeannette
    $200 17
Raging Bull

Steve
    $200 24
Tudor

Jeannette
    $200 7
Finland

Triple Stumper
    $200 5
your foot

Steve
    $200 1
Johnny Walker

Steve
    $400 18
Bangladesh

Jeannette
    $400 19
Jennifer Aniston

Steve
    $400 25
a ranch

Jeannette
    $400 8
(Alex: He certainly is.)

"Santa Claus Is Coming To Town"

Steve
    $400 9
straws

Steve
    $400 2
Jack Daniels

Jeannette
    $600 20
(Sarah: What is Mongolia?)

Mexico

SarahJeannette
    $600 21
Don Rickles

Jeannette
    $600 26
A-frame

Jeannette
    $600 13
their shoes

Jeannette
    $1,800 10
make heads or tails of it

Steve
    $600 3
(Jeannette: What's a liqueur?)

brandy

SteveJeannette
    $800 29
Angola

Steve
    $800 22
Jurassic Park

Sarah
    $800 27
a Cape Cod house

Triple Stumper
    $800 14
(Jeannette: What are the Germans?)

the Dutch

SteveJeannette
    $800 11
the gills

Steve
    $800 4
Captain Morgan

Sarah
    $1000 30
(Jeannette: What is Poland?)

Thailand

Jeannette
Triple Stumper
    $1000 23
(Sarah: What is The Man in the Grey Suit?)
(Alex: No.)
(Sarah: What is The Man in the Grey... Flannel--)
(Alex: No.)
...
(Alex: Yeah, you left out that important word first time out there, Sarah.)

The Man in the Grey Flannel Suit

SteveSarah
    $1000 28
(Steve: What is Georgian?)

Federal

Steve
Triple Stumper
    $1000 15
Father Christmas

Steve
    $1000 12
dance

Steve
    $1000 6
Grey Goose

Jeannette

Scores at the first commercial break (after clue 15):

Steve Sarah Jeannette
$7,200 $800 $600

Scores at the end of the Jeopardy! Round:

Steve Sarah Jeannette
$8,600 $0 $2,600

Double Jeopardy! Round responses

NOVEL BALLETS
BASEBALL HALL OF FAMERS
JUST DESSERTS
COTTON, THE ACT
ELEMENTAL RHYME TIME
ALL'S PHARAOH
    $400 13
Dracula

Jeannette
    $400 2
Hank Aaron

Steve
    $400 1
a parfait

Steve
    $400 26
a bale

Jeannette
    $400 7
a copper stopper

Steve
    $400 18
Exodus

Sarah
    $800 14
The Hunchback Of Notre Dame

Sarah
    $800 3
Lou Brock

Steve
    $800 9
Chunky Monkey

Steve
    $800 27
weaving

Triple Stumper
    $800 8
bold gold

Jeannette
    $800 19
Alexander The Great

Sarah
    $1200 15
The Brothers Karamazov

Triple Stumper
    $1200 4
Ty Cobb

Steve
    $1200 23
tiramisu

Jeannette
    $1200 28
yarn

Triple Stumper
    $1200 10
(Jeannette: What is... green...)

tin skin

SarahJeannette
    $1200 20
(Alex: They were both the [*] of the Pharaohs. Two different ones together.)

crowns

Triple Stumper
    $1600 16
William Faulkner

Sarah
    $1600 5
Roberto Clemente

Steve
    $1600 24
(Sarah: What is raspberry?)

apricot

Sarah
Triple Stumper
    $1600 29
combing

Sarah
    $1600 11
(Alex: And that would be your basic [*]. Yeah.)

zinc stink

Triple Stumper
    $1600 21
Horus

Sarah
    $1,000 17
The Picture Of Dorian Gray

Sarah
    $2000 6
"Lefty"

Steve
    $2000 25
flan

Sarah
    $1,000 30
(Sarah: What is I have no idea?)
(Alex: Well, you've heard of the cotton gin, and it's [*].)
(Sarah: Oh, [*].)

ginning

Sarah
    $2000 12
(Alex: Yes, those are the two words.)

head lead (or lead head)

Jeannette
    $2000 22
the Sun

Sarah

Scores at the end of the Double Jeopardy! Round:

Steve Sarah Jeannette
$16,200 $10,400 $6,200

[wagering suggestions for these scores]

Final Jeopardy! Round responses

AMERICAN WOMEN
JeannetteWho is E. Dole?
$0
SarahWho is Rosa Parks?
$9,604
SteveWho is Rosa Parks?
$4,601
Rosa Parks

Final scores:

Steve Sarah Jeannette
$20,801 $20,004 $6,200
5-day champion: $107,605 2nd place: $2,000 3rd place: $1,000

Game dynamics:

Coryat scores:

Steve Sarah Jeannette
$15,000 $12,400 $6,200
22 R
(including 1 DD),
1 W
12 R
(including 1 DD),
4 W
(including 1 DD)
15 R,
4 W

Combined Coryat: $33,600

The J! Archive is created by fans, for fans. The Jeopardy! game show and all elements thereof, including but not limited to copyright and trademark thereto, are the property of Jeopardy Productions, Inc. and are protected under law. This website is not affiliated with, sponsored by, or operated by Jeopardy Productions, Inc. Join the discussion at JBoard.tv.